Statistics for 20 most populous pairs of countries that border each other

Click here to take the quiz!

General Stats

  • This quiz has been taken 69 times
  • The average score is 14 of 20

Answer Stats

PopCountries% Correct
2.5billChina India
97%
1.5billIndia Pakistan
97%
422 millUSA Mexico
90%
1.3 billBangladesh India
89%
1.4billChina Russia
86%
1.3billChina North Korea
73%
1.4billChina Vietnam
70%
1.5billChina Pakistan
68%
1.3 billChina Mongolia
67%
1.3 billChina Laos
65%
1.3billChina Myanmar
65%
1.3billChina Nepal
63%
1.3 billBhutan China
63%
1.3billChina Afghanistan
62%
1.3 billChina Tajikistan
62%
1.2 billIndia Nepal
60%
1.1 billBhutan India
60%
1.3billChina Kazakhstan
59%
1.3 billChina Kyrgyzstan
59%
1.2 billIndia Myanmar
56%

Score Distribution

Percentile by Number Answered

Percent of People with Each Score

Your Score History

You have not taken this quiz